[Event "18th Prague Open-A 2019"]
[Site "Prague"]
[Date "2019.01.12"]
[Round "3"]
[White "Barrish, Daniel"]
[Black "Plischki, Sebastian"]
[Result "1/2-1/2"]
[WhiteElo "2166"]
[BlackElo "2426"]
[Annotator "TA"]
[PlyCount "83"]
[EventDate "2019.01.11"]
[EventType "swiss"]
[EventCountry "CZE"]
[SourceTitle "playchess.com"]
[Source "ChessBase"]
[SourceQuality "1"]

{[%evp 16,83,32,34,29,19,36,5,2,-2,0,-27,-29,-45,-39,-92,-49,-114,-118,-102,-41,-51,-18,-31,0,0,8,-59,-43,-81,-51,-52,-33,-119,-79,-80,-18,-70,-36,-46,-6,-6,-4,0,0,0,0,4,11,-3,10,14,13,27,15,15,17,23,122,105,461,0,0,0,0,0,0,0,0,0]} 1. d4 Nf6 2. c4 g6 3. f3 Bg7 4. e4 d6 5. Ne2 O-O 6. Be3 c5 {E60: King's Indian: Unusual lines and Fianchetto Variation without Nc3} 7. Qd2 Nc6 8. d5 Ne5 9. Nec3 {LiveBook: 18 Games} Nh5 10. Be2 f5 $1 11. f4 $146 ({Predecessor:} 11. Na3 f4 12. Bf2 Bd7 13. Nc2 a6 14. a4 {½-½ (54) Caruana,F (2811)-Bacrot,E (2711) Baden-Baden 2015}) 11... Ng4 12. Bxg4 $1 fxg4 13. O-O a6 14. Na3 Qa5 15. Rae1 (15. g3 $15) 15... Bd7 16. Nd1 (16. g3 $15) 16... Qxd2 $17 17. Bxd2 b5 ({Black should play} 17... g3 $17 18. hxg3 Nxg3) 18. g3 $1 $15 Rab8 19. b3 e5 20. dxe6 Bxe6 21. Ne3 (21. Re2 $11) 21... Nf6 22. Nd5 Nxd5 23. cxd5 Bd7 24. e5 (24. Ba5 $15) 24... Bf5 25. Ba5 Rbc8 (25... Rbe8 $17 {[%cal Rd6e5]} 26. Bc7 dxe5 27. Bxe5 (27. fxe5 Rf7 $17) 27... Rd8) 26. exd6 (26. Rf2 $11) 26... Rf7 27. Re5 Rd7 (27... Bf8 $5 {[%cal Rf8d6]} 28. Bc7 c4 $11) 28. Bc7 $1 Bf8 29. Rc1 Bxd6 30. Bxd6 Rxd6 31. Kf2 Kf7 32. Ke3 h5 33. b4 cxb4 34. Rxf5+ {[%mdl 64] Remove Defender} gxf5 35. Rxc8 bxa3 $11 {[%mdl 4096] Endgame KR-KR} 36. Kd4 b4 {[#]} (36... Rd7 $1 $11) 37. Rb8 $1 $16 a5 $2 {[%mdl 8192] [#]} (37... Rd7 $16) 38. Kc5 $2 (38. Ke5 $1 $18 {[%cal Re5d6]} Rg6 39. Kxf5) 38... Ke7 $11 {The position is equal.} 39. Rb5 Rd8 {Strongly threatening ...Rc8+.} 40. Rxa5 Rc8+ $1 41. Kxb4 Rc2 42. d6+ {Accuracy: White = 50%, Black = 38%.} 1/2-1/2

[Event "18th Prague Open-A 2019"]
[Site "Prague"]
[Date "2019.01.12"]
[Round "3"]
[White "Laverton, Christian"]
[Black "Spiess, Gunter"]
[Result "1/2-1/2"]
[WhiteElo "2147"]
[BlackElo "2414"]
[Annotator "TA"]
[PlyCount "65"]
[EventDate "2019.01.11"]
[EventType "swiss"]
[EventCountry "CZE"]
[SourceTitle "playchess.com"]
[Source "ChessBase"]
[SourceQuality "1"]

{[%evp 20,65,-15,-17,-17,-17,-12,-12,-16,-28,-22,-19,-18,-30,-27,-39,-28,-35,-39,-39,-33,-42,-43,-64,-54,-55,-32,-25,-25,-93,-97,-98,-14,-20,-4,-4,-4,0,0,-22,-14,-14,-17,-45,-43,-44,-28,-28]} 1. d4 d5 2. c4 e6 3. Nf3 Nf6 4. Nc3 dxc4 5. e3 a6 6. Bxc4 c5 7. O-O b5 8. Be2 Bb7 9. Ne5 {D27: Queen's Gambit Accepted: Classical main line: 7 e4!? and 7 a4} (9. dxc5 Nc6 10. Qc2 Nb4 11. Qb3 Bxc5 12. Rd1 Qb8 13. a4 bxa4 14. Qxa4+ Bc6 15. Qa5 Be7 16. Ra3 Nc2 {1-0 (46) Wei,Y (2743)-Navara,D (2740) Yancheng 2018}) 9... Nbd7 10. Bf3 Qc7 11. Nxd7 {LiveBook: 3 Games. The position is equal.} Qxd7 12. Qe2 Rc8 13. Rd1 {[#] And now dxc5 would win.} cxd4 14. Rxd4 Bxf3 15. Qxf3 Qc6 $146 ({Predecessor:} 15... Qc7 16. a3 Bd6 {½-½ (29) Roumegous,M (2239)-Flear,C (2146) Marseille 2001}) 16. Qxc6+ Rxc6 17. a3 Bd6 18. Rd1 Ke7 19. Bd2 Rhc8 20. f3 Be5 21. Rac1 Rc4 22. Kf2 Nd5 ({Much weaker is} 22... Bxh2 $6 23. g3 $16) 23. Nxd5+ exd5 24. Bb4+ (24. Rxc4 $1 $11 {remains equal.} Rxc4 25. Bb4+ {[%mdl 64] Discovered Attack} Ke6 26. b3 Rc2+ 27. Rd2) 24... Ke6 $17 25. Rxc4 Rxc4 {[%mdl 4096] Endgame KRB-KRB} ({Better is} 25... bxc4 $17 26. Rd2 g5) 26. Rd2 $11 Rc1 27. f4 $1 {[%cal Rf4e5]} Bf6 28. g4 g6 29. e4 Bh4+ 30. Kg2 Be1 31. exd5+ Kd7 32. Rd4 $1 Rc2+ {[%mdl 1024] Black has compensation.} 33. Kf3 {Accuracy: White = 75%, Black = 74%.} 1/2-1/2

[Event "18th Prague Open-A 2019"]
[Site "Prague"]
[Date "2019.01.12"]
[Round "3"]
[White "Haase, Pavel"]
[Black "Liu, Zhaoqi"]
[Result "0-1"]
[WhiteElo "2141"]
[BlackElo "2300"]
[Annotator "TA"]
[PlyCount "68"]
[EventDate "2019.01.11"]
[EventType "swiss"]
[EventCountry "CZE"]
[SourceTitle "playchess.com"]
[Source "ChessBase"]
[SourceQuality "1"]

{[%evp 10,68,15,-2,0,-23,-17,-45,-48,-90,-79,-115,-115,-106,-69,-106,-110,-118,-115,-108,-56,-64,-60,-78,-73,-139,-73,-95,-101,-122,-94,-84,-77,-88,-88,-88,-72,-83,-71,-128,-128,-133,-107,-97,-97,-120,-113,-139,-53,-81,-77,-68,-59,-67,0,-75,-5,-947,-1004,-29998,-29999]} 1. c4 c5 2. Nc3 Nf6 3. g3 g6 4. Bg2 Bg7 5. d3 Nc6 6. Nh3 {LiveBook: 7 Games. A36: Symmetrical English vs ...g6: 4 Bg2 Bg7} h5 $146 {[%cal Bh7h5,Bh5h4,Bh4h3][%mdl 32]} ({Predecessor:} 6... O-O 7. Nf4 a6 8. Qd2 e6 9. O-O Rb8 10. b3 d5 11. Ba3 Qa5 12. cxd5 Nxd5 13. Nfxd5 exd5 14. Bb2 Bg4 {1-0 (31) Timofeev,A (2564)-Almasi,I (2415) Budapest 2017}) 7. Nf4 h4 8. Qa4 {The position is equal.} Kf8 9. Be3 d6 10. Nfd5 h3 11. Bf3 Ne5 12. Rb1 Nxf3+ 13. exf3 Bd7 14. Qd1 Bc6 (14... Nxd5 $17 15. Nxd5 Bc6) 15. Nxf6 Bxf6 16. Ne4 e5 17. Qd2 ({Better is} 17. a3) 17... Kg7 ({Black should play} 17... Be7 18. Ke2 b6) 18. g4 Be7 19. Qc3 f6 20. f4 exf4 21. Bxf4 Kf7 22. Rg1 d5 23. cxd5 Qxd5 24. Rg3 (24. Bd6 $142 Bd8 25. Bxc5) 24... Qxa2 25. Rd1 Bxe4 26. dxe4 Qe6 27. e5 g5 28. Be3 Rad8 (28... Qxe5 $17 {Hoping for ...Qe6.} 29. Qxe5 fxe5) 29. Rxd8 $15 Rxd8 30. Rxh3 Qxg4 $40 {[%csl Gd8][%cal Rg4d1][%mdl 128] Black has some attack.} 31. Rh7+ Ke6 (31... Kg8 $1 $15 32. Qc2 Qd1+ 33. Qxd1 Rxd1+ 34. Kxd1 Kxh7 35. exf6 Bd6) 32. Qc2 {[#]} (32. f3 $1 $11 Qa4 33. exf6 Bxf6 34. Qc1) 32... c4 ({Don't play} 32... fxe5 33. Rh6+ Bf6 34. f3 $11) (32... Rd5 $1 $17 {aiming for ...c4.} 33. exf6 Bd8) 33. Bd2 $2 {[%mdl 8192]} (33. f4 $11 Bb4+ 34. Kf2) 33... Bc5 $19 {( -> ...Qg1+)} 34. Bc3 Qg1+ {Accuracy: White = 26%, Black = 52%.} 0-1

[Event "18th Prague Open-A 2019"]
[Site "Prague"]
[Date "2019.01.12"]
[Round "3"]
[White "Burnett, Andrew"]
[Black "Roeder, Matthias"]
[Result "1/2-1/2"]
[WhiteElo "2140"]
[BlackElo "2396"]
[Annotator "TA"]
[PlyCount "78"]
[EventDate "2019.01.11"]
[EventType "swiss"]
[EventCountry "CZE"]
[SourceTitle "playchess.com"]
[Source "ChessBase"]
[SourceQuality "1"]

{[%evp 19,78,-1,7,0,0,0,0,0,7,6,15,0,0,0,0,0,0,0,0,-6,0,0,0,-7,0,-3,0,0,0,-19,1,-28,-16,-16,-16,-42,-44,-36,-1,0,-1,-1,0,-1,0,-1,-1,-1,0,-1,0,-2,0,0,0,-8,-1,-8,-8,-8,-8]} 1. d4 d5 2. Bf4 e6 3. e3 Bd6 4. Bg3 Nf6 5. Nd2 c5 (5... O-O 6. Ngf3 c5 7. c3 Nc6 8. Bb5 Be7 9. Qb1 Nh5 10. dxc5 Bxc5 11. Bh4 Be7 12. Bxe7 Qxe7 13. c4 Qc5 14. O-O dxc4 15. Bxc4 Nf6 {½-½ (44) Naiditsch,A (2702)-Svidler,P (2760) Antalya 2017}) 6. c3 {D00: 1 d4 d5: Unusual lines} Qc7 7. dxc5 Qxc5 8. Ngf3 O-O 9. Bd3 Nbd7 10. e4 dxe4 {LiveBook: 4 Games} 11. Bxd6 $146 ({Predecessor:} 11. Nxe4 Nxe4 12. Bxe4 Bxg3 13. hxg3 {0-1 (40) Tristan,L (2465)-Perez Ponsa,F (2542) Caba 2018}) 11... Qxd6 12. Nxe4 Nxe4 13. Bxe4 Qf4 (13... Qc7 {keeps more tension.} 14. O-O Nf6 15. Bc2 b6 16. Qe2 Bb7) 14. Bc2 Nf6 15. Qd2 Qc7 16. O-O b6 17. Rfe1 Bb7 18. Ne5 Rad8 19. Qe2 Rd6 20. Rad1 Rfd8 21. c4 a5 22. a3 Qc5 23. Rxd6 Rxd6 24. Rd1 Kf8 25. h4 Rxd1+ 26. Bxd1 Ke7 27. Qe3 Qxe3 28. fxe3 Nd7 29. Nxd7 {The position is equal.} Kxd7 $11 {[%mdl 4096] Endgame KB-KB} 30. b4 axb4 31. axb4 Kd6 32. Bf3 Ba6 33. Be2 $1 {[#] And now c5+! would win.} Ke5 34. Bd3 f5 35. g3 g6 36. Kf2 h6 37. Ke2 g5 38. hxg5 hxg5 39. Kd2 Bc8 {Accuracy: White = 46%, Black = 43%.} 1/2-1/2

[Event "18th Prague Open-A 2019"]
[Site "Prague"]
[Date "2019.01.13"]
[Round "4"]
[White "Postny, Evgeny"]
[Black "Low, Zhen Yu Cyrus"]
[Result "1/2-1/2"]
[WhiteElo "2623"]
[BlackElo "2385"]
[Annotator "TA"]
[PlyCount "39"]
[EventDate "2019.01.11"]
[EventType "swiss"]
[EventCountry "CZE"]
[SourceTitle "playchess.com"]
[Source "ChessBase"]
[SourceQuality "1"]

{[%evp 21,39,28,27,5,7,-22,-20,-31,-19,-41,-31,-71,-69,-76,-70,-79,-70,-99,-65,-70]} 1. Nf3 Nf6 2. c4 g6 3. Nc3 d5 4. cxd5 Nxd5 5. Qb3 Nb6 6. d4 Bg7 7. Bf4 {D90: Grünfeld: 4 Nf3 Bg7 sidelines} Be6 8. Qa3 Nc6 9. e3 a5 10. Bb5 O-O 11. Bxc6 bxc6 {LiveBook: 13 Games} 12. Qc5 Nd5 13. Nxd5 $146 ({Predecessor:} 13. Be5 Nxc3 14. Qxc3 Bd5 15. Bxg7 Kxg7 {½-½ (65) Bu,X (2662)-Li,C (2686) Xinghua 2013}) 13... Qxd5 14. Qxd5 Bxd5 15. Bxc7 c5 16. Bb6 cxd4 17. Bxd4 Bxd4 18. Nxd4 Rfb8 19. O-O-O Bxa2 20. Rd3 1/2-1/2

[Event "18th Prague Open-A 2019"]
[Site "Prague"]
[Date "2019.01.13"]
[Round "4"]
[White "Wang, Yiye"]
[Black "Barrish, Daniel"]
[Result "1-0"]
[WhiteElo "2443"]
[BlackElo "2166"]
[Annotator "TA"]
[PlyCount "136"]
[EventDate "2019.01.11"]
[EventType "swiss"]
[EventCountry "CZE"]
[SourceTitle "playchess.com"]
[Source "ChessBase"]
[SourceQuality "1"]

{[%evp 18,136,29,18,20,0,20,18,9,-33,19,0,44,34,16,28,35,19,26,41,39,0,0,0,32,22,37,27,35,37,74,16,20,29,26,18,26,26,26,16,17,17,17,15,20,21,20,10,12,14,24,0,0,0,0,0,0,0,0,0,0,0,0,0,0,0,16,0,146,134,121,42,41,45,92,33,62,3,3,3,4,3,4,4,4,4,4,4,4,4,4,4,7,7,8,4,4,0,7,8,580,576,574,551,662,310,5077,5077,5073,5073,5073,5073,4602,29972,29969,5612,29978,29979,29980,29981,29981]} 1. c4 e5 2. g3 c6 3. Nf3 e4 4. Nd4 d5 5. d3 (5. cxd5 Qxd5 6. Nc2 Nf6 7. Nc3 Qh5 8. Ne3 Bc5 9. Qc2 Qe5 10. Bg2 Bxe3 11. fxe3 Bf5 12. b4 O-O 13. Bb2 {1-0 (41) Aronian,L (2801)-Papaioannou,I (2652) Heraklio 2017}) 5... Bc5 6. Nb3 {A20: English Opening: 1...e5} Bb4+ 7. Bd2 Bxd2+ 8. Qxd2 dxc4 9. dxc4 Nf6 10. Bg2 {LiveBook: 11 Games} O-O $146 ({Predecessor:} 10... Qxd2+ 11. N1xd2 {½-½ (41) De Visser,L (2205)-Henrichs,T (2475) Austria 2018}) 11. h3 Na6 12. Nc3 Qe7 13. g4 h6 (13... Be6 $15) 14. Qe3 Qb4 15. O-O-O Qxc4 16. Rd4 Qe6 17. Rhd1 {[%cal Rg2e4]} Nd5 18. Nxd5 cxd5 19. Rxd5 Nb4 {[%mdl 64] Double Attack} 20. R5d2 Nxa2+ 21. Kb1 Nb4 22. Rd6 Qe8 {Strongly threatening ...Qa4.} 23. Nc5 $1 ({Don't blunder} 23. Qxe4 $2 Qa4 $19) 23... b6 24. Qxe4 (24. Bxe4 $16 Rb8 25. Nd7 Bxd7 26. Rxd7) 24... Qb5 25. Nd3 Nxd3 26. Qxd3 Qxd3+ 27. R1xd3 Rb8 $1 28. Bd5 Bb7 29. Rd7 Bxd5 30. R3xd5 $11 {[%mdl 4096] Endgame KRR-KRR} Rfe8 31. e3 a5 32. Rf5 f6 33. Rfd5 Re5 34. Rxe5 fxe5 {KR-KR} 35. Kc2 Rf8 36. Rd2 Rf3 37. Kd3 Rxh3 38. Ke4 h5 39. g5 Kf7 40. Kf5 Rf3+ 41. Kxe5 Kg6 42. Ke4 Rf7 (42... Rh3 $1 $11 {keeps the balance.}) 43. f4 $16 h4 44. Rd6+ (44. Kf3 $16) 44... Kh5 $14 45. Kf3 b5 46. Ra6 ({Better is} 46. Rd8 $16) 46... h3 47. Rxa5 (47. Ra8 $1 $14) 47... h2 $1 $11 {[%cal Rh2h1]} 48. Kg2 Rc7 49. Kxh2 {Black must now prevent Kg3.} Kg4 50. Rxb5 Rc2+ 51. Kg1 Kg3 {[%cal Rc2c1]} 52. Kf1 {aiming for Ke1.} Kf3 {[%cal Rc2c1]} 53. Ke1 Kxe3 {[%cal Rc2c1]} 54. Kd1 {Threatening mate with Rb3+.} Rg2 55. Rb4 {Kc1 is the strong threat.} Kd3 $1 {[%cal Rg2g1]} 56. Rb3+ Ke4 57. Rb4+ Kd3 $1 {[%cal Rg2g1]} 58. Ke1 {Threatens to win with Kf1.} g6 $2 {[%mdl 8192]} (58... Ke3 $11 {and Black stays safe.} 59. Kf1 Rc2) 59. Kf1 $1 $18 {[%cal Rf1g2]} Rc2 {intending ...Ke3.} 60. f5 $1 gxf5 61. g6 {[%cal Bg5g6,Bg6g7][%mdl 32]} Rc6 $2 {[#]} (61... Rc7 62. Kf2 Rg7 63. Rb3+ Ke4 64. Re3+ Kd5) 62. Rb3+ $1 Ke4 {[#]} 63. Rg3 $1 Rc1+ 64. Ke2 Rc8 65. g7 Rg8 66. b4 (66. Rg6 $142 f4 67. Rg1 f3+ 68. Kf2 Ke5 69. Rg4 Ke6 70. Kxf3 Kd6 71. Ke4) 66... Kd5 67. Kf3 Kc4 68. Kf4 Kd5 {Accuracy: White = 64%, Black = 42%.} 1-0

[Event "18th Prague Open-A 2019"]
[Site "Prague"]
[Date "2019.01.13"]
[Round "4"]
[White "Frolov, Artur"]
[Black "Lin, Yi"]
[Result "1/2-1/2"]
[WhiteElo "2430"]
[BlackElo "2359"]
[Annotator "TA"]
[PlyCount "140"]
[EventDate "2019.01.11"]
[EventType "swiss"]
[EventCountry "CZE"]
[SourceTitle "playchess.com"]
[Source "ChessBase"]
[SourceQuality "1"]

{[%evp 19,140,2,14,-2,15,12,18,6,16,6,14,7,33,32,42,44,87,91,91,90,129,127,126,98,107,85,120,100,81,22,74,76,90,86,75,80,94,96,98,97,97,97,98,99,101,101,101,101,107,56,64,0,148,148,148,148,148,148,155,154,153,148,160,158,148,153,152,141,141,175,168,167,152,135,218,211,385,356,942,901,864,809,785,583,580,118,688,239,601,185,185,185,175,185,180,182,276,181,243,4,4,3,3,3,3,3,3,3,3,3,3,0,0,0,0,0,0,0,0,0,0,0,0]} 1. d4 Nf6 2. Nf3 g6 3. c4 Bg7 4. Nc3 d5 5. cxd5 Nxd5 6. e3 O-O 7. Bc4 Nxc3 8. bxc3 c5 9. O-O Qc7 10. Qe2 Nc6 {LiveBook: 43 Games} 11. Bd2 {D94: Grünfeld: 4 Nf3 Bg7 5 e3} (11. Rd1 b6 12. Rb1 Bb7 13. Ba6 Bxa6 14. Qxa6 Rfd8 15. Qe2 Na5 16. e4 cxd4 17. cxd4 e6 18. Bg5 Rd7 {0-1 (53) Tregubov,P (2585)-Tari,A (2584) Doha 2016}) 11... Na5 $146 ({Predecessor:} 11... Bg4 12. Rac1 a6 13. h3 Bd7 14. Rfd1 Na5 15. Bd3 Rad8 16. c4 e6 17. Qe1 Nc6 18. d5 Ne5 19. Nxe5 Bxe5 {0-1 (43) Gorelov,V (1747)-Matveev,M Tambov 2015}) 12. Bd3 b6 13. Rac1 Bb7 14. e4 e6 15. h4 {[%cal Bh2h4,Bh4h5,Bh5h6][%mdl 32]} Rac8 16. h5 Rfd8 17. Bg5 $36 {[%mdl 2048] White fights for an advantage.} Rd7 18. h6 Bh8 19. Rfd1 Qb8 20. Bb5 Bc6 21. Bxc6 Nxc6 22. d5 exd5 23. exd5 Ne5 24. Nxe5 (24. c4 $16) 24... Qxe5 (24... Bxe5 $11 {remains equal.} 25. Qg4 Qd6) 25. Qg4 $1 $16 {[%cal Rg4d7]} Qf5 26. Qxf5 gxf5 27. c4 Be5 28. g3 f6 29. Be3 Kf7 30. Kg2 Re8 31. Kf3 Kg6 32. a4 Bd6 33. a5 Re4 34. axb6 (34. Rc2 $16) 34... axb6 $14 35. Ra1 (35. Rc2 $14) 35... Bf8 (35... Rxc4 $11 36. Ra8 Be5) 36. Ra8 $16 Bxh6 37. Bxh6 Kxh6 {[%mdl 4096] Endgame KRR-KRR} 38. Rg8 {Threatening mate with Rh1+.} Rg7 39. Rxg7 Kxg7 {KR-KR} 40. d6 {[%cal Bd5d6,Bd6d7][%mdl 32] And now d7 would win.} Re8 41. d7 Rd8 42. Kf4 Kf7 43. Rd6 Ke7 44. Rxb6 Rxd7 45. Kxf5 Rd4 46. Re6+ Kf7 (46... Kd7 $16 {is a better defense.}) 47. Rxf6+ $18 Kg7 $2 (47... Kg8 48. Rc6 Rxc4) 48. Rc6 Rxc4 $2 (48... Rd3 49. Rc7+ (49. Rxc5 Rf3+ 50. Ke4 Rxf2 $18) 49... Kh6) 49. Rc7+ Kg8 50. Kf6 {[%cal Rc7c8]} h6 51. Kg6 $1 {[%cal Rc7c8]} Kf8 52. Rf7+ $2 (52. f4 $18 {is the precise move to win.} Rc3 53. g4 (53. Kxh6 Rxg3 54. Rxc5 Kf7 $11)) 52... Kg8 $2 {[%mdl 8192]} (52... Ke8 $16) 53. Ra7 $2 (53. f4 Rc3 54. g4) 53... Kf8 $2 (53... Rg4+ 54. Kxh6 c4) 54. Kxh6 $2 (54. f4 Rc3 55. g4 (55. Kxh6 Rxg3 56. f5 c4 $11)) 54... Rc3 55. Kg5 Rf3 {[#]} 56. Ra2 $1 c4 57. Kg4 Rd3 (57... Rf7 $142 58. Rc2 c3) 58. f4 Ke7 {[#]} (58... Rd5 $142 59. Rc2 Rd4) 59. f5 $2 (59. Re2+ $1 $18 Kf7 60. Re1) 59... c3 $11 {The position is equal.} 60. Re2+ Kf7 61. Kf4 Rd4+ 62. Kg5 Rc4 {...c2 is the strong threat.} 63. Rc2 Kg7 64. g4 Kf7 65. f6 Rc5+ 66. Kf4 Kxf6 67. Ke4 Kg5 68. Kd4 Rc8 69. Rxc3 Rxc3 70. Kxc3 Kxg4 {Accuracy: White = 57%, Black = 46%.} 1/2-1/2

[Event "18th Prague Open-A 2019"]
[Site "Prague"]
[Date "2019.01.13"]
[Round "4"]
[White "Plischki, Sebastian"]
[Black "Laverton, Christian"]
[Result "1-0"]
[WhiteElo "2426"]
[BlackElo "2147"]
[Annotator "TA"]
[PlyCount "121"]
[EventDate "2019.01.11"]
[EventType "swiss"]
[EventCountry "CZE"]
[SourceTitle "playchess.com"]
[Source "ChessBase"]
[SourceQuality "1"]

{[%evp 12,121,16,22,33,34,29,6,25,19,32,0,0,-8,0,-64,-54,-64,-67,-67,-67,-79,-77,-68,-76,-88,-60,-56,-58,-52,-52,-126,-128,-124,-122,-118,-118,-127,-96,-100,-99,-95,-89,-99,-95,-126,-78,-76,-19,-31,-23,-21,-23,-54,-8,-8,0,0,0,0,0,-4,-4,-3,0,0,0,0,45,8,25,23,18,21,23,22,33,37,121,74,70,75,90,48,101,93,141,125,131,67,67,67,208,153,208,208,208,208,208,208,152,116,4037,4037,29977,29978,29978,29979,29979,29980,29983,29984]} 1. Nf3 d5 2. g3 Nf6 3. Bg2 Bf5 4. c4 c6 5. Qb3 Qb6 6. d3 e6 {A11: English Opening: 1...c6} 7. Be3 {LiveBook: 28 Games} (7. O-O Nbd7 8. Qxb6 axb6 9. cxd5 exd5 10. Nd4 Bg6 11. Nd2 Bc5 12. N2b3 O-O 13. Bd2 Rfe8 14. Rfe1 {0-1 (74) Maghsoodloo,P (2636)-Sargissian,G (2680) Abu Dhabi 2018}) 7... Qa6 8. cxd5 exd5 {White is slightly better.} 9. Nc3 Nbd7 10. O-O Be7 11. Rac1 $146 ({Predecessor:} 11. h3 h6 12. Nd4 Bh7 13. f4 O-O 14. Nf3 {½-½ (52) Mueller,P (2220)-Kjartansson,G (2456) Douglas 2017}) 11... O-O 12. Bd4 Rad8 13. e4 (13. Qa4 $11) 13... dxe4 $15 14. dxe4 Nxe4 15. Nxe4 Bxe4 {[%cal Bf5e4,Be4d5,Bd5e6][%mdl 32]} 16. Rfe1 Bd5 17. Qc3 Bf6 18. Bf1 Bxd4 19. Nxd4 Qb6 20. Nf5 {[%csl Gf5][%cal Rc3g7]} Nf6 21. g4 (21. a4 $15) 21... Be6 $17 22. Nxg7 Kxg7 ({But not} 22... Nxg4 23. Rc2 $15) 23. g5 Qd4 {Hoping for ...Qxc3.} 24. gxf6+ Qxf6 25. Bc4 Qxc3 26. Rxc3 Kf6 27. Rf3+ Ke7 $1 28. Rh3 Rg8+ 29. Kf1 {[#]} Rg7 (29... Rd1 $1 $17 {[%cal Rd1e1][%mdl 512]} 30. Bxe6 (30. Rxd1 Bxh3+) 30... Rg1+ {[%mdl 64] Deflection} 31. Kxg1 Rxe1+ 32. Kg2 Rxe6) 30. Bxe6 $1 $11 fxe6 {[%mdl 4096] Endgame KRR-KRR} 31. Rh6 Rd6 32. Re3 Rf7 33. Ke2 Rd5 34. Rhxe6+ Kd7 35. R6e5 Rd6 36. Rh3 Rdf6 37. f3 $1 Re6 38. Rxe6 Kxe6 {KR-KR} 39. Ke3 a5 40. Ke4 Rg7 41. f4 Re7 42. Rh6+ Kf7+ 43. Kf5 Kg7 44. Rd6 c5 (44... b5 $14) 45. Rb6 a4 46. a3 Rc7 47. Ke6 Rf7 {[#]} (47... c4 $14) 48. Ke5 $1 $16 h5 49. h4 Rc7 50. Kf5 (50. f5 $16) 50... c4 $1 $14 51. Kg5 Rc5+ (51... c3 $14 52. bxc3 Rxc3) 52. f5 $16 c3 (52... Rc7 $16 53. Rb4 (53. Kxh5 c3 $16) 53... Kf7 54. Rxa4 c3 55. bxc3 Rxc3) 53. Rxb7+ $18 Kf8 {aiming for ...c2.} 54. bxc3 Rxc3 55. Kxh5 Rxa3 56. Kg6 {Rb8+ is the strong threat.} Rb3 $2 {[%mdl 8192]} (56... Rg3+ $16 57. Kf6 Kg8) 57. Ra7 a3 58. Ra8+ {White mates.} Ke7 59. f6+ {[%cal Bf5f6,Bf6f7][%mdl 32]} Ke6 60. Re8+ Kd7 61. f7 {Accuracy: White = 66%, Black = 43%.} 1-0

[Event "18th Prague Open-A 2019"]
[Site "Prague"]
[Date "2019.01.13"]
[Round "4"]
[White "Lalic, Bogdan"]
[Black "Pniaczek, Marek"]
[Result "1-0"]
[WhiteElo "2418"]
[BlackElo "2146"]
[Annotator "TA"]
[PlyCount "93"]
[EventDate "2019.01.11"]
[EventType "swiss"]
[EventCountry "CZE"]
[SourceTitle "playchess.com"]
[Source "ChessBase"]
[SourceQuality "1"]

{[%evp 19,93,20,21,-31,2,-73,6,0,0,0,13,-16,-16,-16,-17,-21,0,0,0,-5,8,0,0,-8,-4,-13,21,12,8,18,97,54,83,82,81,85,95,97,105,84,93,53,37,39,84,89,135,144,148,138,293,290,291,286,417,366,366,366,370,370,370,357,364,339,508,508,508,508,508,508,634,619,750,546,551,545]} 1. d4 d5 2. c4 c6 3. Nc3 Nf6 4. e3 a6 5. Nf3 Bf5 6. Ne5 {D15: Slav Defence: 4 Nc3 a6 and gambit lines after 4 Nc3 dxc4} (6. Qb3 b5 7. c5 a5 8. Nh4 Bc8 9. f4 g6 10. Bd3 Nh5 11. Nf3 Bf5 12. e4 a4 13. Qc2 dxe4 14. Bxe4 Bxe4 15. Nxe4 {0-1 (53) Gelfand,B (2703)-Grandelius,N (2655) Batumi 2018}) 6... Nbd7 7. Qb3 Qc7 8. Nxd7 Qxd7 9. Na4 Qc7 10. Nb6 Rd8 {LiveBook: 3 Games} 11. Bd2 (11. cxd5 $11 Rd6 12. Bd2) 11... e6 12. Rc1 $146 {[#]} (12. c5 $11) ({Predecessor:} 12. Ba5 Bd6 13. c5 Be7 {0-1 (47) Fridman,D (2566)-Kononenko,T (2442) Port Erin 2005}) 12... Qb8 (12... Bd6 $1 $17) 13. Bb4 h5 14. Be2 Rh6 15. Qa3 Bxb4+ 16. Qxb4 Rg6 17. Bf3 h4 18. Na4 $40 {[%mdl 128] White attacks.} Qc7 19. Nc5 Rb8 20. cxd5 exd5 21. Rc3 {[%cal Bc1c3,Bc3b3,Bb3b6][%mdl 32]} a5 22. Qa3 Bg4 23. Nd3 Bxf3 24. gxf3 Nh5 (24... Ng8 $11 {keeps the balance.}) 25. Qc5 {Strongly threatening Qxd5!} Rd8 26. Rb3 Re6 27. Qb6 Qxb6 28. Rxb6 Rb8 29. Nc5 Re7 30. b4 axb4 31. O-O Kd8 32. Rb1 Nf6 33. R1xb4 Kc8 {[#]} 34. a4 $1 {[%cal Ba2a4,Ba4a5][%mdl 32]} Ne8 $2 (34... Rc7 $16 {is a better defense.}) 35. a5 $18 Nd6 {Threatening ...Nc4.} 36. a6 Rc7 (36... Kc7 $142 37. axb7 Nb5) 37. axb7+ Rbxb7 38. Nxb7 Nxb7 {[%mdl 4096] Endgame KRR-KRN} 39. Kg2 Nd6 40. Rb8+ Kd7 41. Rg8 Ke6 (41... g6 $142 42. Ra8 f6) 42. Rxg7 {White is clearly winning.} Nf5 43. Rg4 Rc8 44. h3 c5 45. Rb6+ Ke7 46. dxc5 Rxc5 47. Rf4 {Precision: White = 44%, Black = 36%.} 1-0